Taylor Swift - Lover Songs - Statistics

General Stats
  • This quiz has been taken 33 times
  • The average score is 16 of 18
Answer Stats
Lover % Correct
3 Lover
100%
16 ME! (Ft. Brendon Urie)
100%
14 You Need To Calm Down
100%
11 London Boy
97%
2 Cruel Summer
93%
5 The Archer
93%
4 The Man
93%
15 Afterglow
90%
9 Cornelia Street
90%
18 Daylight
90%
1 I Forgot That You Existed
90%
8 Paper Rings
90%
10 Death By A Thousand Cuts
87%
7 Miss Americana & The Heartbreak Prince
87%
13 False God
83%
12 Soon You'll Get Better (Ft. The Chicks)
83%
6 I Think He Knows
73%
17 It's Nice To Have A Friend
73%
No matching quizzes found
Score Distribution
Percent of People with Each Score
Percentile by Number Answered
Your Score History
You have not taken this quiz